Statistiques concernant Une définition = un objet 2

Cliquez ici pour prendre le quiz!

Statistiques générales

  • Ce quiz a été pris 236 fois
  • Le résultat moyen est 9 sur 12

Statistiques - réponses

HintRéponse% Correct
Petit siège pourvu d'une suspension sur lequel s'assied le cycliste ou le motocycliste.Selle
97%
Ensemble de touches dont chacune correspond à la commande de caractères, de fonctions ou d'instructions particulières et dont l'enfoncement provoque l'impression d'un caractère, une mise en mémoire ou l'émission d'un signal.Clavier
88%
Récipient servant à conserver la boisson au cours d'un déplacement, en camping, etc.Gourde
88%
Arme de main faite d'une lame d'acier pointue fixée à une poignée munie d'une garde.Epée
77%
Ustensile rigide de forme conique servant à transvaser les liquides.Entonnoir
74%
Tapis épais fait de nattes en paille de riz tressée, servant en particulier à la pratique des arts martiaux.Tatami
74%
Natte tressée, de paille, de jonc, de sparte, de jute, etc., posée à terre et qui sert à s'essuyer les pieds.Paillasson
72%
Bandage déformable et élastique, que l'on fixe à la jante des roues de certains véhicules et qui, le plus souvent, protège, en l'enveloppant, une chambre à air.Pneu
67%
Carré de tissage gaufré, utilisé pour laver les sols.Serpillère
67%
Ustensile culinaire en métal perforé, hérissé d'aspérités permettant, par frottement, de réduire menu certaines substances.Râpe
59%
Appareil acoustique amplifiant les sons, utilisé pour l'auscultationStéthoscope
45%
Dispositif fait de plusieurs panneaux verticaux articulés, que l'on place dans un local pour le subdiviser, pour masquer quelque chose ou pour se garantir de courants d'air.Paravent
43%

Distribution des résultats

Percentile par nombre de réponses

% des personnes avec chaque résultat

Votre développement - résultats

Vous n’avez pas pris ce quiz